000 00685nam a2200289Ia 4500
005 20260324134949.0
008 008 260324s9999 xx 000 0 eng d
020 _a9781315865720
037 _aEBOOK
040 _aCRL
040 _beng
040 _cCRL
041 _2eng
041 _aeng
084 _qCRL
100 _aVinay Dharwadker
_91198813
245 0 _aCosmopolitan Geographies
245 0 _bNew Locations in Literature and Culture
260 _bTaylor and Francis
260 _c2001
365 _a
365 _b220
856 _uhttp://www.taylorfrancis.com/books/9781315865720
942 _cEBOOK
999 _c1799426
_d1799426